| 000 | 01139nam a2200337 a 4500 | ||
|---|---|---|---|
| 999 |
_c28354 _d28325 |
||
| 001 | 015101255 | ||
| 003 | EG-ScBUE | ||
| 005 | 20200317120711.0 | ||
| 008 | 090330t2010 njua f 001 0 eng d | ||
| 020 | _a9780470413333 (pbk.) | ||
| 040 |
_aUk _beng _erda _cUk _dEG-ScBUE |
||
| 082 | 0 | 4 |
_a519.502461 _bDAN _222 |
| 100 | 1 |
_aDaniel, Wayne W., _d1929- _eauthor. |
|
| 245 | 1 | 0 |
_aBiostatistics : _bbasic concepts and methodology for the health sciences / _cWayne W. Daniel, professor emeritus, Georgia State University. |
| 250 | _aNinth edition. | ||
| 250 | _aInternational student version. | ||
| 264 | 1 |
_aHoboken, NJ : _bJohn Wiley & Sons, Inc., _c[2010] |
|
| 264 | 4 | _cc2010 | |
| 300 |
_a1 volume (various pagings) : _billustrations ; _c24 cm |
||
| 336 |
_atext _2rdacontent _btxt |
||
| 337 |
_aunmediated _2rdamedia _bn |
||
| 338 |
_avolume _2rdacarrier _bnc |
||
| 504 | _aIncludes index. | ||
| 650 | 7 |
_aBiometry. _2BUEsh _926131 |
|
| 650 | 7 |
_aMedical statistics. _2BUEsh |
|
| 653 |
_bGGEN _cMarch2020 |
||
| 655 |
_vReading book _934232 |
||
| 942 |
_2ddc _cBB |
||